Water resources of West Virginia : a bibliography.

Bibliographic Details
Main Author: Brenni, Vito Joseph, 1923-
Corporate Author: West Virginia State Planning Board
Format: Book
Language:English
Published: [Morgantown] : Library, West Virginia University, 1954.
Subjects:

MARC

Tag First Indicator Second Indicator Subfields
LEADER 00000cam a2200000I 4500
001 in00000041700
005 20151007074713.0
008 740214s1954 xx 000 0 eng d
035 |a (OCoLC)ocm00802109 
035 |a (OCoLC)00802109 
035 |9 AAF1953AM 
040 |a DRB  |c DRB  |d OCLCQ  |d TXA  |d UtOrBLW 
043 |a n-us-wv 
049 |a TXAM 
050 0 0 |a Z5853.H9  |b B7 
090 |a TD224.W4  |b B74 1954 
100 1 |a Brenni, Vito Joseph,  |d 1923- 
245 1 0 |a Water resources of West Virginia :  |b a bibliography. 
264 1 |a [Morgantown] :  |b Library, West Virginia University,  |c 1954. 
300 |a 57 pages ;  |c 28 cm. 
336 |a text  |b txt  |2 rdacontent 
337 |a unmediated  |b n  |2 rdamedia 
338 |a volume  |b nc  |2 rdacarrier 
500 |a At head of title: West Virginia State Planning Board. 
650 0 |a Water-supply  |z West Virginia  |v Bibliography. 
710 2 |a West Virginia State Planning Board. 
949 |a updated  |b h  |c 2004/2/26  |e fpiscitelli  |f 7:32:32 pm 
994 |a E0  |b TXA 
999 |a MARS 
999 f f |s a4a9df00-aa2c-38e8-a567-fa37a9556174  |i a2cef08a-ca4a-34ad-82be-156416104e92  |t 0 
952 f f |p ric  |a Texas A&M University  |b Rellis Campus  |c Joint Library Facility  |d Remote Storage  |t 0  |e TD224.W4 B74 1954  |h Library of Congress classification  |i unmediated -- volume  |m A14831201610 
998 f f |a TD224.W4 B74 1954  |t 0  |l Remote Storage